000
00264nam a22001337a 4500
999
_c
166639
_d
166639
082
_a
_b
100
_a
245
_a
Dictionary of world history/
_c
250
_a
260
_a
New Delhi:
_b
Oxford,
_c
2006.
300
_a
712p.
650
_a
942
_c
BK